[Event "43. Olimpiada Batumi 2018 Femenina"]
[Site "Batumi GEO"]
[Date "2018.09.27"]
[Round "4.1"]
[White "February, Jesse Nikki"]
[Black "Nasriddinzoda, Marvorii"]
[Result "1-0"]
[WhiteElo "1933"]
[BlackElo "2090"]
[PlyCount "83"]
[EventDate "2018.09.24"]
[EventType "team-swiss"]
[EventRounds "11"]
[EventCountry "GEO"]
[SourceTitle "Ajedrez en Madrid"]
[Source "lmi"]
[SourceDate "2018.09.24"]
[WhiteTeam "South Africa"]
[BlackTeam "Tajikistan"]
[WhiteTeamCountry "RSA"]
[BlackTeamCountry "TJK"]

1. e4 d6 2. d4 Nf6 3. Nc3 e5 4. dxe5 dxe5 5. Qxd8+ Kxd8 6. f4 Bb4 7. Bd3 Nbd7
8. Nf3 Re8 9. fxe5 Nxe5 10. Nxe5 Rxe5 11. Bf4 Bxc3+ 12. bxc3 Re7 13. O-O-O Bg4
14. Rd2 h6 15. h3 Be6 16. Rhd1 Ke8 17. Be5 Rd7 18. Rf1 Ke7 19. Bxf6+ gxf6 20.
Rdf2 Rg8 21. g4 Rh8 22. Rxf6 h5 23. g5 Bxh3 24. Rxf7+ Ke8 25. Rxd7 Bxd7 26. g6
Rg8 27. e5 Rg7 28. Kd2 h4 29. Ke3 Re7 30. Kf4 Kf8 31. Rh1 h3 32. Bf5 Bc6 33.
Rxh3 Bd5 34. a3 Bg8 35. Rd3 Ke8 36. Rd4 b6 37. Be4 Kf8 38. Bd5 c5 39. Rd3 Bxd5
40. Rxd5 Kg7 41. Kf5 a5 42. e6 1-0

[Event "43. Olimpiada Batumi 2018 Femenina"]
[Site "Batumi GEO"]
[Date "2018.09.27"]
[Round "4.2"]
[White "Antonova, Nadezhda"]
[Black "Bouah, Denise"]
[Result "1-0"]
[WhiteElo "2038"]
[BlackElo "1780"]
[PlyCount "101"]
[EventDate "2018.09.24"]
[EventType "team-swiss"]
[EventRounds "11"]
[EventCountry "GEO"]
[SourceTitle "Ajedrez en Madrid"]
[Source "lmi"]
[SourceDate "2018.09.24"]
[WhiteTeam "Tajikistan"]
[BlackTeam "South Africa"]
[WhiteTeamCountry "TJK"]
[BlackTeamCountry "RSA"]

1. Nf3 Nf6 2. g3 g6 3. b3 Bg7 4. Bb2 O-O 5. Bg2 d6 6. d4 e5 7. c4 Re8 8. dxe5
Ng4 9. O-O Nxe5 10. Nc3 Nbc6 11. Qd2 Nxf3+ 12. Bxf3 Nd4 13. Bg2 Bg4 14. f3 Bd7
15. e4 Qc8 16. Rf2 Rb8 17. Nd5 c5 18. Nc3 b5 19. cxb5 Bxb5 20. Rc1 Qd8 21. Bf1
a6 22. Bxb5 axb5 23. Ne2 Nxe2+ 24. Rxe2 Qb6 25. Bxg7 Kxg7 26. Kg2 Ra8 27. Qd5
b4 28. Rd2 Rad8 29. Qc4 Qb7 30. Rcd1 Qb6 31. Rd5 Qc7 32. R1d2 f6 33. Qd3 Re6
34. f4 Qc6 35. Kf2 Rd7 36. Kg1 Rde7 37. Re2 f5 38. exf5 Rxe2 39. f6+ Kf7 40.
fxe7 Rxe7 41. Rxd6 Qc7 42. Qd5+ Kg7 43. f5 gxf5 44. Qd2 c4 45. Qd4+ Kg8 46.
Rd8+ Kf7 47. bxc4 h6 48. Qd5+ Kf6 49. Rf8+ Kg6 50. Qxf5+ Kg7 51. Qf6+ 1-0

[Event "43. Olimpiada Batumi 2018 Femenina"]
[Site "Batumi GEO"]
[Date "2018.09.27"]
[Round "4.3"]
[White "Fisher, Michelle M"]
[Black "Hotami, Mutriba"]
[Result "0-1"]
[WhiteElo "1707"]
[BlackElo "1840"]
[PlyCount "98"]
[EventDate "2018.09.24"]
[EventType "team-swiss"]
[EventRounds "11"]
[EventCountry "GEO"]
[SourceTitle "Ajedrez en Madrid"]
[Source "lmi"]
[SourceDate "2018.09.24"]
[WhiteTeam "South Africa"]
[BlackTeam "Tajikistan"]
[WhiteTeamCountry "RSA"]
[BlackTeamCountry "TJK"]

1. e4 d5 2. exd5 Qxd5 3. Nc3 Qd6 4. d4 Nf6 5. Nf3 Bf5 6. Bd3 Bxd3 7. Qxd3 c6 8.
Bg5 Nbd7 9. O-O-O e6 10. Rhe1 Be7 11. Kb1 O-O-O 12. h3 Qb4 13. Ne4 h6 14. Bd2
Qb6 15. Qb3 Qxb3 16. axb3 Nxe4 17. Rxe4 Bf6 18. Ne5 Nxe5 19. dxe5 Bg5 20. f4
Be7 21. Kc1 g6 22. Be3 b6 23. Red4 Kc7 24. Rxd8 Rxd8 25. Rxd8 Bxd8 26. g4 Kd7
27. Kd2 c5 28. Kd3 Kc6 29. c4 f5 30. exf6 Bxf6 31. Bc1 h5 32. Ke4 hxg4 33. hxg4
b5 34. f5 exf5+ 35. gxf5 gxf5+ 36. Kxf5 Bd4 37. Ke4 a5 38. Kd3 Kb6 39. Ke4 a4
40. cxb5 axb3 41. Kd3 Kxb5 42. Kd2 Kc4 43. Ke2 Bf6 44. Kd2 Bg5+ 45. Kd1 Bxc1
46. Kxc1 Kd3 47. Kb1 Kd2 48. Ka1 c4 49. Kb1 Kd1 0-1

[Event "43. Olimpiada Batumi 2018 Femenina"]
[Site "Batumi GEO"]
[Date "2018.09.27"]
[Round "4.4"]
[White "Abrorova, Sabrina"]
[Black "Van Zyl, Charlize"]
[Result "1/2-1/2"]
[WhiteElo "1685"]
[BlackElo "1664"]
[PlyCount "76"]
[EventDate "2018.09.24"]
[EventType "team-swiss"]
[EventRounds "11"]
[EventCountry "GEO"]
[SourceTitle "Ajedrez en Madrid"]
[Source "lmi"]
[SourceDate "2018.09.24"]
[WhiteTeam "Tajikistan"]
[BlackTeam "South Africa"]
[WhiteTeamCountry "TJK"]
[BlackTeamCountry "RSA"]

1. d4 d5 2. c4 e6 3. Nf3 Be7 4. Nc3 Nf6 5. Bg5 h6 6. Bh4 O-O 7. e3 Ne4 8. Bxe7
Qxe7 9. Qc2 Nxc3 10. Qxc3 dxc4 11. Bxc4 c5 12. Qa3 b6 13. dxc5 Qxc5 14. Qxc5
bxc5 15. Rc1 Ba6 16. Ne5 Rd8 17. Ke2 Rd5 18. Nd3 Bxc4 19. Rxc4 Na6 20. Nf4 Rd6
21. Rd1 Rxd1 22. Kxd1 Rd8+ 23. Ke2 e5 24. Nd3 f6 25. b3 Rd5 26. f3 Kf7 27. Rc1
Ke6 28. e4 Rd6 29. Nxc5+ Nxc5 30. Rxc5 Ra6 31. Rc2 f5 32. exf5+ Kxf5 33. Ke3 h5
34. b4 Ra4 35. Rb2 Ra3+ 36. Kf2 g5 37. Rc2 Ra4 38. Rb2 Ra3 1/2-1/2

[Event "43. Olimpiada Batumi 2018 Femenina"]
[Site "Batumi GEO"]
[Date "2018.09.27"]
[Round "4.1"]
[White "Agrest, Inna"]
[Black "Baciu, Diana"]
[Result "1/2-1/2"]
[WhiteElo "2283"]
[BlackElo "2266"]
[PlyCount "141"]
[EventDate "2018.09.24"]
[EventType "team-swiss"]
[EventRounds "11"]
[EventCountry "GEO"]
[SourceTitle "Ajedrez en Madrid"]
[Source "lmi"]
[SourceDate "2018.09.24"]
[WhiteTeam "Sweden"]
[BlackTeam "Moldova"]
[WhiteTeamCountry "SWE"]
[BlackTeamCountry "MDA"]

1. e4 e6 2. d4 d5 3. Nc3 Bb4 4. a3 Bxc3+ 5. bxc3 dxe4 6. Qg4 Nf6 7. Qxg7 Rg8 8.
Qh6 Nbd7 9. Ne2 c5 10. Ng3 Qc7 11. Bd2 b6 12. Bb5 Rg6 13. Qe3 a6 14. Be2 Bb7
15. c4 cxd4 16. Qxd4 O-O-O 17. O-O-O Nc5 18. Qc3 Nfd7 19. Be3 f5 20. Nh5 e5 21.
g3 Ne6 22. Rhe1 f4 23. gxf4 exf4 24. Bd4 Nxd4 25. Qxd4 Rgg8 26. Qd6 f3 27. Bf1
Qxd6 28. Rxd6 Ne5 29. Rxb6 Kc7 30. Rb3 Ng4 31. Nf4 Rde8 32. c5 Rgf8 33. Nh3
Nxh2 34. Bc4 Ng4 35. Ng5 Nxf2 36. Ne6+ Rxe6 37. Bxe6 Rf6 38. Bc4 Ng4 39. Rh1 h6
40. Rh4 Bc8 41. Rb6 Rf8 42. Rh1 Ne3 43. Bxa6 Bxa6 44. Rxa6 f2 45. Raxh6 f1=Q+
46. Rxf1 Rxf1+ 47. Kd2 Nd5 48. Rd6 Rf2+ 49. Ke1 Rf5 50. Re6 Nc3 51. c6 Rd5 52.
a4 Rd6 53. Re8 Rxc6 54. Kd2 Kd6 55. a5 Kd5 56. a6 Nb5 57. Rd8+ Ke5 58. Re8+ Kf4
59. Rf8+ Ke5 60. Re8+ Kd4 61. Rd8+ Kc5 62. Ke3 Re6 63. Rd7 Nd6 64. a7 Re8 65.
c3 Nc4+ 66. Ke2 Nb6 67. Rc7+ Kb5 68. Rb7 Ra8 69. Re7 Nd5 70. c4+ Kxc4 71. Rxe4+
1/2-1/2

[Event "43. Olimpiada Batumi 2018 Femenina"]
[Site "Batumi GEO"]
[Date "2018.09.27"]
[Round "4.2"]
[White "Hincu, Olga"]
[Black "Bengtsson, Jessica"]
[Result "0-1"]
[WhiteElo "2124"]
[BlackElo "1986"]
[PlyCount "198"]
[EventDate "2018.09.24"]
[EventType "team-swiss"]
[EventRounds "11"]
[EventCountry "GEO"]
[SourceTitle "Ajedrez en Madrid"]
[Source "lmi"]
[SourceDate "2018.09.24"]
[WhiteTeam "Moldova"]
[BlackTeam "Sweden"]
[WhiteTeamCountry "MDA"]
[BlackTeamCountry "SWE"]

1. d4 d5 2. c4 e6 3. Nc3 Be7 4. Nf3 Nf6 5. Bg5 O-O 6. e3 h6 7. Bh4 b6 8. Be2
dxc4 9. Bxc4 Bb7 10. O-O Nbd7 11. Rc1 c5 12. Qe2 Ne4 13. Bxe7 Qxe7 14. Nxe4
Bxe4 15. Rfd1 Bb7 16. e4 cxd4 17. Rxd4 Nc5 18. e5 Rfd8 19. Rg4 Rac8 20. Re1 Rd7
21. Qe3 Kh8 22. Bf1 Rcd8 23. Nd4 a6 24. b4 Ne4 25. Nb3 Nd2 26. Nxd2 Rxd2 27.
Qxb6 Rxa2 28. Rc1 Rd7 29. h3 Rad2 30. Bxa6 h5 31. Rg3 Bxa6 32. Qxa6 Qxb4 33.
Qa8+ Rd8 34. Qf3 Kg8 35. Rc7 Qb1+ 36. Kh2 Qf5 37. Qxf5 exf5 38. e6 Rf8 39. Rg5
Rxf2 40. e7 Re8 41. Rxh5 g6 42. Rh4 Re2 43. Rd4 R2xe7 44. Rxe7 Rxe7 45. Kg3 Kg7
46. Kf4 Re2 47. Kf3 Re6 48. h4 Kf6 49. g3 Re7 50. Ra4 Kg7 51. Ra6 f6 52. Ra5
Re6 53. Rb5 Re5 54. Rb7+ Kh6 55. Rb6 Kg7 56. Rb7+ Kh6 57. Rb6 Kg7 58. Rb7+ Kf8
59. Rb6 Kf7 60. Rb7+ Re7 61. Rb5 Kg7 62. Ra5 Re6 63. Rb5 Ra6 64. Rc5 Kh6 65.
Rb5 Kh5 66. Rc5 Ra3+ 67. Kg2 Kg4 68. Rc4+ Kh5 69. Rc5 g5 70. hxg5 fxg5 71. Rxf5
Kg4 72. Rf8 Rxg3+ 73. Kh1 Rf3 74. Ra8 Kh3 75. Kg1 g4 76. Ra2 Rb3 77. Rh2+ Kg3
78. Rg2+ Kf4 79. Rf2+ Rf3 80. Ra2 Re3 81. Ra1 Kg3 82. Rb1 Kh3 83. Rb8 Ra3 84.
Rh8+ Kg3 85. Kf1 Ra1+ 86. Ke2 Kg2 87. Rg8 g3 88. Ke3 Rf1 89. Ke2 Rf5 90. Ke3
Rf7 91. Re8 Kg1 92. Ke2 g2 93. Re6 Rh7 94. Rg6 Re7+ 95. Kd1 Re5 96. Rg7 Kf2 97.
Rf7+ Kg3 98. Rg7+ Kf3 99. Rf7+ Kg4 0-1

[Event "43. Olimpiada Batumi 2018 Femenina"]
[Site "Batumi GEO"]
[Date "2018.09.27"]
[Round "4.3"]
[White "Fransson, Angelina"]
[Black "Petrenko, Svetlana"]
[Result "0-1"]
[WhiteElo "2004"]
[BlackElo "2156"]
[PlyCount "88"]
[EventDate "2018.09.24"]
[EventType "team-swiss"]
[EventRounds "11"]
[EventCountry "GEO"]
[SourceTitle "Ajedrez en Madrid"]
[Source "lmi"]
[SourceDate "2018.09.24"]
[WhiteTeam "Sweden"]
[BlackTeam "Moldova"]
[WhiteTeamCountry "SWE"]
[BlackTeamCountry "MDA"]

1. e4 c5 2. Nf3 Nc6 3. Bb5 Qb6 4. Bxc6 Qxc6 5. Nc3 d6 6. d4 cxd4 7. Nxd4 Qd7 8.
O-O e6 9. Bg5 b6 10. a4 a6 11. f4 Bb7 12. Rf3 Ne7 13. Rg3 h6 14. Bxe7 Qxe7 15.
f5 e5 16. Nde2 Qc7 17. Qd3 Rc8 18. Rf1 Qc4 19. Qf3 b5 20. axb5 axb5 21. f6 g6
22. Rc1 h5 23. Qd3 b4 24. Qxc4 Rxc4 25. b3 Rc8 26. Nd5 Bh6 27. Ra1 Rxc2 28. Ra7
Bxd5 29. exd5 O-O 30. Kf1 Rd2 31. Rb7 Rd1+ 32. Kf2 e4 33. Rxb4 e3+ 34. Kf3 Re8
35. Rh3 Rf1+ 36. Kg3 Rf2 37. Nc3 e2 38. Nxe2 Rfxe2 39. Rd4 Bg5 40. Rd3 Bxf6 41.
Kf3 Re1 42. g4 h4 43. Kf2 R8e2+ 44. Kf3 g5 0-1

[Event "43. Olimpiada Batumi 2018 Femenina"]
[Site "Batumi GEO"]
[Date "2018.09.27"]
[Round "4.4"]
[White "Gitu, Paula-Alexandra"]
[Black "Zaritovskaja, Margarita"]
[Result "1-0"]
[WhiteElo "2026"]
[BlackElo "1731"]
[PlyCount "93"]
[EventDate "2018.09.24"]
[EventType "team-swiss"]
[EventRounds "11"]
[EventCountry "GEO"]
[SourceTitle "Ajedrez en Madrid"]
[Source "lmi"]
[SourceDate "2018.09.24"]
[WhiteTeam "Moldova"]
[BlackTeam "Sweden"]
[WhiteTeamCountry "MDA"]
[BlackTeamCountry "SWE"]

1. e4 c5 2. Nf3 e6 3. c3 Nf6 4. e5 Nd5 5. d4 cxd4 6. cxd4 d6 7. Bc4 Nc6 8. O-O
Be7 9. Qe2 O-O 10. Rd1 a6 11. Nc3 Nxc3 12. bxc3 dxe5 13. dxe5 Qc7 14. Qe4 f5
15. exf6 Bxf6 16. Bxe6+ Bxe6 17. Qxe6+ Qf7 18. Qxf7+ Rxf7 19. Rd3 Rc8 20. Bg5
Nb4 21. Rd6 Rxc3 22. Bd2 Rc4 23. Bxb4 Rxb4 24. Re1 Ra4 25. Re2 Rc7 26. g3 Ra3
27. Kg2 b5 28. h4 Rf7 29. Nh2 a5 30. Ng4 h5 31. Nxf6+ Rxf6 32. Rd5 b4 33. Rxh5
Rb6 34. Rg5 Rb7 35. h5 Kh7 36. g4 a4 37. Ra5 Rc7 38. g5 Rc4 39. Re8 Rg4+ 40.
Kf1 Rxg5 41. Rxg5 Rxa2 42. Re7 b3 43. Rgxg7+ Kh6 44. Rg6+ Kxh5 45. Rg3 Kh6 46.
Re8 Kh7 47. Re4 1-0

[Event "43. Olimpiada Batumi 2018 Femenina"]
[Site "Batumi GEO"]
[Date "2018.09.27"]
[Round "4.1"]
[White "Aghabekian, Liana"]
[Black "Shih, Ching-An"]
[Result "1/2-1/2"]
[WhiteElo "2188"]
[BlackElo "1546"]
[PlyCount "86"]
[EventDate "2018.09.24"]
[EventType "team-swiss"]
[EventRounds "11"]
[EventCountry "GEO"]
[SourceTitle "Ajedrez en Madrid"]
[Source "lmi"]
[SourceDate "2018.09.24"]
[WhiteTeam "Luxembourg"]
[BlackTeam "Chinese Taipei"]
[WhiteTeamCountry "LUX"]

1. e4 e5 2. Nf3 Nc6 3. Bc4 Be7 4. d3 Nf6 5. Nbd2 d6 6. c3 O-O 7. Bb3 h6 8. Nf1
Nh7 9. Ng3 Ng5 10. Nh4 Na5 11. Nhf5 Nxb3 12. axb3 Bf6 13. h4 Nh7 14. Be3 a6 15.
Qe2 Be6 16. c4 Qd7 17. O-O Rfd8 18. f4 Kh8 19. Qd2 Qe8 20. Rae1 Qf8 21. d4 g6
22. d5 Bd7 23. fxe5 Bxe5 24. Nxh6 f6 25. Bf4 Re8 26. h5 Bxf4 27. Qxf4 g5 28.
Qf3 Qxh6 29. Nf5 Bxf5 30. Qxf5 Rad8 31. g4 Qg7 32. Re2 Qd7 33. Qf3 Re5 34. Kg2
Rde8 35. Rfe1 Kg7 36. Kg3 R5e7 37. Rf1 Rf7 38. Qd3 Re5 39. Ref2 Qe8 40. Re2
Rfe7 41. Rfe1 Rf7 42. Qd2 Rfe7 43. Qd3 Rf7 1/2-1/2

[Event "43. Olimpiada Batumi 2018 Femenina"]
[Site "Batumi GEO"]
[Date "2018.09.27"]
[Round "4.2"]
[White "Wong, Linda Jane"]
[Black "Steil-Antoni, Fiona"]
[Result "0-1"]
[WhiteElo "1378"]
[BlackElo "2143"]
[PlyCount "92"]
[EventDate "2018.09.24"]
[EventType "team-swiss"]
[EventRounds "11"]
[EventCountry "GEO"]
[SourceTitle "Ajedrez en Madrid"]
[Source "lmi"]
[SourceDate "2018.09.24"]
[WhiteTeam "Chinese Taipei"]
[BlackTeam "Luxembourg"]
[BlackTeamCountry "LUX"]

1. e4 d6 2. d4 Nf6 3. Nc3 Nbd7 4. g4 h6 5. h3 e5 6. Nge2 c6 7. Bg2 Be7 8. O-O
g5 9. Ng3 Qb6 10. Nf5 exd4 11. Qxd4 Qxd4 12. Nxd4 Ne5 13. f4 gxf4 14. Bxf4 Be6
15. Rad1 O-O-O 16. Nf5 Bxf5 17. exf5 Nfd7 18. Rfe1 Rdg8 19. Ne4 Kc7 20. Ng3 Bh4
21. Re3 Bxg3 22. Rxg3 h5 23. g5 h4 24. Re3 Rh5 25. Kf2 f6 26. Bf3 Rhxg5 27.
Bxg5 fxg5 28. Bg4 Nf6 29. Rd4 c5 30. Ra4 a6 31. Kg2 Nd5 32. Rxe5 dxe5 33. c3
Nf4+ 34. Kh2 Rd8 35. Kg1 Rd3 36. Re4 Kd6 37. f6 Nxh3+ 38. Kg2 Nf4+ 39. Kf2 Rd2+
40. Kf3 Rxb2 41. Bc8 h3 42. Re1 c4 43. Kg4 h2 44. Rd1+ Nd3 45. Kf5 g4 46. Kg6
g3 0-1

[Event "43. Olimpiada Batumi 2018 Femenina"]
[Site "Batumi GEO"]
[Date "2018.09.27"]
[Round "4.3"]
[White "Bakalarz, Grazyna"]
[Black "Wang, Mi"]
[Result "1-0"]
[WhiteElo "1849"]
[BlackElo "1585"]
[PlyCount "119"]
[EventDate "2018.09.24"]
[EventType "team-swiss"]
[EventRounds "11"]
[EventCountry "GEO"]
[SourceTitle "Ajedrez en Madrid"]
[Source "lmi"]
[SourceDate "2018.09.24"]
[WhiteTeam "Luxembourg"]
[BlackTeam "Chinese Taipei"]
[WhiteTeamCountry "LUX"]

1. d4 Nf6 2. c4 e6 3. Nc3 d5 4. cxd5 exd5 5. Bg5 c6 6. Qc2 Be7 7. e3 Bg4 8. Bd3
Nbd7 9. Nge2 O-O 10. f3 Bh5 11. Nf4 Bg6 12. Nxg6 fxg6 13. O-O Nh5 14. Bxe7 Qxe7
15. Rfe1 Nhf6 16. b4 Qxb4 17. Rab1 Qe7 18. Rxb7 Rfb8 19. Qb3 Qe8 20. Ba6 Nb6
21. e4 Rxb7 22. Bxb7 Rb8 23. Ba6 Na8 24. Qd1 dxe4 25. Bc4+ Kh8 26. fxe4 Nb6 27.
Bb3 Rd8 28. e5 Nfd5 29. Ne4 Qe7 30. Nd6 Nc8 31. Ne4 Rf8 32. Rf1 Rxf1+ 33. Qxf1
Ne3 34. Qc1 Nf5 35. Qxc6 Qd8 36. d5 Nd4 37. Qc4 Nxb3 38. axb3 Nb6 39. Qd4 Qxd5
40. Qxd5 Nxd5 41. Nd6 Kg8 42. Kf2 Kf8 43. Kf3 a6 44. Nb7 Ke7 45. Nc5 Nc7 46.
Ke4 Kf7 47. b4 Ke7 48. Kd4 h6 49. Nd3 Ne6+ 50. Kd5 Nc7+ 51. Kc6 Kd8 52. Nc5 Kc8
53. Kd6 Nb5+ 54. Ke7 Nd4 55. Nxa6 Nc6+ 56. Kd6 Kb7 57. Nc5+ Kb6 58. e6 Nd4 59.
e7 Nf5+ 60. Kd7 1-0

[Event "43. Olimpiada Batumi 2018 Femenina"]
[Site "Batumi GEO"]
[Date "2018.09.27"]
[Round "4.4"]
[White "Cho, Hung-Ling"]
[Black "Blond Hanten, Elsa"]
[Result "0-1"]
[WhiteElo "1575"]
[BlackElo "1635"]
[PlyCount "94"]
[EventDate "2018.09.24"]
[EventType "team-swiss"]
[EventRounds "11"]
[EventCountry "GEO"]
[SourceTitle "Ajedrez en Madrid"]
[Source "lmi"]
[SourceDate "2018.09.24"]
[WhiteTeam "Chinese Taipei"]
[BlackTeam "Luxembourg"]
[BlackTeamCountry "LUX"]

1. e4 e5 2. Nf3 Nc6 3. Bc4 Bc5 4. d3 Nf6 5. Nc3 d6 6. h3 h6 7. O-O O-O 8. Be3
Bb6 9. Bxb6 axb6 10. Bb3 Re8 11. Ne2 Nh5 12. c3 Qf6 13. Qd2 Bxh3 14. Nh2 Be6
15. Bxe6 Qxe6 16. b3 d5 17. exd5 Qxd5 18. Rfd1 Rad8 19. Qc2 Rd6 20. Nf1 Rg6 21.
Neg3 Nf4 22. Ne3 Qd7 23. Kh2 Qd8 24. Ngf5 Qg5 25. Re1 Nxg2 26. Ng3 Nxe1 27.
Rxe1 Ne7 28. Qd1 Qh4+ 29. Kg1 f5 30. Ng2 Qf6 31. Qf3 f4 32. Ne4 Qc6 33. d4 exd4
34. cxd4 Nd5 35. Kf1 Rge6 36. Nd2 Rxe1+ 37. Nxe1 Nf6 38. Qh3 Qe6 39. Qxe6+ Rxe6
40. Nef3 Ne4 41. Nc4 b5 42. Nce5 Nc3 43. a3 Ra6 44. Nd2 Rxa3 45. Nef3 g5 46.
Kg2 Ra2 47. Nf1 Ne4 0-1

[Event "43. Olimpiada Batumi 2018 Femenina"]
[Site "Batumi GEO"]
[Date "2018.09.27"]
[Round "4.1"]
[White "Caruana Pulpan, Oana"]
[Black "Heredia Serrano, Carla"]
[Result "0-1"]
[WhiteElo "1863"]
[BlackElo "2159"]
[PlyCount "78"]
[EventDate "2018.09.24"]
[EventType "team-swiss"]
[EventRounds "11"]
[EventCountry "GEO"]
[SourceTitle "Ajedrez en Madrid"]
[Source "lmi"]
[SourceDate "2018.09.24"]
[WhiteTeam "Malta"]
[BlackTeam "Ecuador"]
[WhiteTeamCountry "MLT"]
[BlackTeamCountry "ECU"]

1. d4 d5 2. Nf3 Nf6 3. g3 c6 4. Bg2 Bf5 5. O-O e6 6. c4 Nbd7 7. b3 h6 8. Ba3
Bxa3 9. Nxa3 O-O 10. Qc1 a5 11. Qb2 Ne4 12. Rfd1 Qf6 13. cxd5 exd5 14. Nc2 Qe6
15. Ne3 Bh3 16. Bh1 Rae8 17. Nf1 f5 18. Rac1 Ndf6 19. Ne5 Ng4 20. f3 Nxe5 21.
dxe5 Ng5 22. f4 Ne4 23. Nd2 g5 24. e3 Qg6 25. Nxe4 fxe4 26. Bg2 Bxg2 27. Qxg2
gxf4 28. gxf4 Kf7 29. Qxg6+ Kxg6 30. Rd2 Kf5 31. Rcc2 Rg8+ 32. Rg2 d4 33. exd4
Kxf4 34. Rxg8 Rxg8+ 35. Rg2 Rd8 36. e6 Re8 37. Rg6 Ke3 38. Rxh6 Kd2 39. d5 e3
0-1

[Event "43. Olimpiada Batumi 2018 Femenina"]
[Site "Batumi GEO"]
[Date "2018.09.27"]
[Round "4.2"]
[White "Ortiz Verdesoto, Anahi"]
[Black "Farrugia, Jamie"]
[Result "1-0"]
[WhiteElo "1954"]
[BlackElo "1582"]
[PlyCount "85"]
[EventDate "2018.09.24"]
[EventType "team-swiss"]
[EventRounds "11"]
[EventCountry "GEO"]
[SourceTitle "Ajedrez en Madrid"]
[Source "lmi"]
[SourceDate "2018.09.24"]
[WhiteTeam "Ecuador"]
[BlackTeam "Malta"]
[WhiteTeamCountry "ECU"]
[BlackTeamCountry "MLT"]

1. d4 d5 2. c4 c6 3. Nf3 Nf6 4. e3 Bf5 5. cxd5 Nxd5 6. Nbd2 Nf6 7. Bc4 e6 8.
O-O Be7 9. Ne5 O-O 10. Qe2 Nbd7 11. e4 Bg6 12. Nxg6 hxg6 13. Nf3 Qc7 14. Bd2 e5
15. Bc3 exd4 16. Bxd4 Rae8 17. e5 Bc5 18. Bxc5 Nxc5 19. b4 Ncd7 20. e6 Kh8 21.
e7 Rg8 22. Bxf7 Nd5 23. Qc4 Qf4 24. Bxd5 Qxc4 25. Bxc4 Rxe7 26. Bxg8 Kxg8 27.
Rfe1 Rf7 28. Re8+ Nf8 29. Rd1 c5 30. bxc5 Rf5 31. Rdd8 g5 32. Nxg5 Rxg5 33.
Rxf8+ Kh7 34. Rc8 Rd5 35. h3 Rd2 36. Rc7 b6 37. cxb6 axb6 38. Rff7 Rxa2 39.
Rxg7+ Kh6 40. Rg4 b5 41. Rc8 Ra7 42. Rh8+ Rh7 43. Rh4+ 1-0

[Event "43. Olimpiada Batumi 2018 Femenina"]
[Site "Batumi GEO"]
[Date "2018.09.27"]
[Round "4.3"]
[White "Psaila, Uranchimeg"]
[Black "Romero Echeverria, Abigail"]
[Result "0-1"]
[WhiteElo "1446"]
[BlackElo "2034"]
[PlyCount "72"]
[EventDate "2018.09.24"]
[EventType "team-swiss"]
[EventRounds "11"]
[EventCountry "GEO"]
[SourceTitle "Ajedrez en Madrid"]
[Source "lmi"]
[SourceDate "2018.09.24"]
[WhiteTeam "Malta"]
[BlackTeam "Ecuador"]
[WhiteTeamCountry "MLT"]
[BlackTeamCountry "ECU"]

1. d4 Nf6 2. Nf3 e6 3. Nbd2 c5 4. e3 b6 5. Bd3 Bb7 6. O-O Qc7 7. c3 Be7 8. dxc5
bxc5 9. a3 O-O 10. b4 Nc6 11. Bb2 Ne5 12. Nxe5 Qxe5 13. Nf3 Qh5 14. Be2 Rac8
15. Rc1 Rfd8 16. Nd2 Qg6 17. Bf3 d5 18. g3 Ba8 19. Bg2 h5 20. Nf3 Ne4 21. Qe2
h4 22. Rfd1 hxg3 23. hxg3 c4 24. Kh2 Qh5+ 25. Bh3 Ng5 26. Rh1 Qxf3 27. Qxf3
Nxf3+ 28. Kg2 d4 29. cxd4 Ng5+ 30. Kh2 Nxh3 31. Kxh3 Bxh1 32. Rxh1 c3 33. Bc1
e5 34. Re1 Bf6 35. dxe5 Bxe5 36. f4 c2 0-1

[Event "43. Olimpiada Batumi 2018 Femenina"]
[Site "Batumi GEO"]
[Date "2018.09.27"]
[Round "4.4"]
[White "Sarmiento Robles, Paula"]
[Black "Stagno, Milena"]
[Result "1-0"]
[WhiteElo "1750"]
[BlackElo "1388"]
[PlyCount "53"]
[EventDate "2018.09.24"]
[EventType "team-swiss"]
[EventRounds "11"]
[EventCountry "GEO"]
[SourceTitle "Ajedrez en Madrid"]
[Source "lmi"]
[SourceDate "2018.09.24"]
[WhiteTeam "Ecuador"]
[BlackTeam "Malta"]
[WhiteTeamCountry "ECU"]
[BlackTeamCountry "MLT"]

1. c4 e5 2. Nc3 Nf6 3. e4 d6 4. g3 Be6 5. d3 h6 6. Bg2 Be7 7. Nge2 O-O 8. O-O
Qd7 9. b3 Nh7 10. f4 f5 11. d4 exd4 12. Nxd4 Nc6 13. Nxe6 Qxe6 14. Bb2 Nf6 15.
Re1 Rad8 16. exf5 Qxf5 17. Nd5 Rd7 18. b4 Nxd5 19. Bxd5+ Kh8 20. Be6 Qg6 21.
Bxd7 Nxb4 22. Rxe7 Rg8 23. Be6 Qh7 24. Bxg8 Qxg8 25. Qh5 Nc6 26. Qxh6+ Qh7 27.
Re8# 1-0

[Event "43. Olimpiada Batumi 2018 Femenina"]
[Site "Batumi GEO"]
[Date "2018.09.27"]
[Round "4.1"]
[White "Cori T., Deysi"]
[Black "Pires, Luzia"]
[Result "1-0"]
[WhiteElo "2391"]
[BlackElo "1729"]
[PlyCount "73"]
[EventDate "2018.09.24"]
[EventType "team-swiss"]
[EventRounds "11"]
[EventCountry "GEO"]
[SourceTitle "Ajedrez en Madrid"]
[Source "lmi"]
[SourceDate "2018.09.24"]
[WhiteTeam "Peru"]
[BlackTeam "Angola"]
[WhiteTeamCountry "PER"]
[BlackTeamCountry "ANG"]

1. Nf3 Nc6 2. d4 d5 3. Bf4 e6 4. e3 h6 5. c4 Nf6 6. Nc3 Bb4 7. Bd3 a6 8. O-O
O-O 9. h3 Re8 10. Rc1 Bd6 11. Ne5 Nb4 12. Be2 dxc4 13. Bxc4 Nbd5 14. Bh2 c6 15.
Kh1 Qc7 16. Qf3 Qe7 17. Bb3 Bd7 18. Na4 Rad8 19. e4 Nc7 20. Nxf7 Bxh2 21. Nxd8
Rxd8 22. Kxh2 Rf8 23. Qe3 Kh8 24. f4 Be8 25. Nc3 Bg6 26. Rce1 Qb4 27. f5 exf5
28. Qg3 Kh7 29. exf5 Bxf5 30. Rxf5 Nce8 31. Rfe5 Qxd4 32. Bc2+ Kh8 33. Bg6 Qd8
34. Bxe8 Nxe8 35. Re7 Rg8 36. R1e6 b6 37. Qe5 1-0

[Event "43. Olimpiada Batumi 2018 Femenina"]
[Site "Batumi GEO"]
[Date "2018.09.27"]
[Round "4.2"]
[White "Junior, Ednasia"]
[Black "Paredes Bustamante, Paula Elizab"]
[Result "0-1"]
[WhiteElo "1725"]
[BlackElo "2151"]
[PlyCount "90"]
[EventDate "2018.09.24"]
[EventType "team-swiss"]
[EventRounds "11"]
[EventCountry "GEO"]
[SourceTitle "Ajedrez en Madrid"]
[Source "lmi"]
[SourceDate "2018.09.24"]
[WhiteTeam "Angola"]
[BlackTeam "Peru"]
[WhiteTeamCountry "ANG"]
[BlackTeamCountry "PER"]

1. e4 c5 2. g3 Nc6 3. Bg2 g6 4. Ne2 Bg7 5. d3 d6 6. O-O e6 7. Nd2 Nge7 8. h3
O-O 9. f4 Nd4 10. Kh2 Rb8 11. Nc4 b5 12. Ne3 Bb7 13. a3 a5 14. c3 Nxe2 15. Qxe2
Re8 16. Bd2 Qd7 17. Rf2 b4 18. axb4 axb4 19. cxb4 cxb4 20. Bxb4 Bxe4 21. dxe4
Rxb4 22. Nd1 Bd4 23. Rf3 Reb8 24. Ra2 Qc7 25. Qd2 Qc5 26. Rfa3 f5 27. Ra5 Qc4
28. Ra8 fxe4 29. Bxe4 Kf7 30. Bd3 Qc5 31. R2a5 Qc7 32. Rxb8 Qxb8 33. Ra2 Qb7
34. Qc2 Qd5 35. Nc3 Qb7 36. Ne4 Qd5 37. Nc3 Qc5 38. Ne4 Qd5 39. Nc3 Qf3 40. Ne4
Qe3 41. Nxd6+ Kg7 42. h4 Rb3 43. Ne8+ Kh6 44. Qxb3 Nf5 45. Qc2 Qxg3+ 0-1